00791nam a22002297a 45000010005000000030006000050050017000110080041000280200018000690400029000870820010001161000019001262450080001452600058002253000061002834900027003445050008003715200097003795210029004765210020005057000036005257792FISKH20250806164627.0250806b cb ||||| |||| 00| 0 eng d a9781416926474 aFISKHbengcFISKHdFISKH a468.6 aInches, Alison aSuper babies ! /cadapted by Alison Inches : illustrated by Victoria Miller aLondon : bSimon and Schuster / Nickelodeon , c2006. a24 unnumbered pages : bcolor illustrations ; c21 cm .  aDora the Explorer v18 aF  aAfter their food is stolen, Dora, Boots, and her baby brother and sister try to get it back.8 a300 bLexile estimate 8 aF bRaz-Plus  aMiller, Victoria eIllustrator